Marketing na internete

Využitie internetu v oblasti podnikania. Zákazník elektronického obchodu. Virálny marketing. Marketing dialógu. Marketing súhlasu. E-mail marketing. Prieskum na tému: technologická zdatnosť respondentov. Technologickí aktivisti. Technologickí pasivisti.

Guardado en:
Detalles Bibliográficos
Autor principal: Mečiar, Martin
Otros Autores: Horská, Elena
Formato: Capítulo de libro
Lenguaje:eslovaco
Materias:
Etiquetas: Agregar Etiqueta
Sin Etiquetas, Sea el primero en etiquetar este registro!

MARC

LEADER 00000naa$a2200000$$$4500
001 0054908
005 20231108141729.8
041 0 |a slo 
044 |a SK 
245 1 0 |a Marketing na internete  |c Martin Mečiar, Elena Horská 
520 |a Využitie internetu v oblasti podnikania. Zákazník elektronického obchodu. Virálny marketing. Marketing dialógu. Marketing súhlasu. E-mail marketing. Prieskum na tému: technologická zdatnosť respondentov. Technologickí aktivisti. Technologickí pasivisti. 
610 2 0 |a marketing 
610 2 0 |a internet 
610 2 0 |a obchod elektronický 
610 2 0 |a zákazníci 
100 1 |a Mečiar, Martin 
700 1 |a Horská, Elena